Transformisme et créationisme (Record no. 178952)

MARC details
000 -LEADER
campo de control de longitud fija 00721namaa22001931 4500
001 - NÚMERO DE CONTROL
campo de control 178952
003 - IDENTIFICADOR DE NÚMERO DE CONTROL
campo de control ES-MaACL
005 - FECHA Y HORA DE LA ÚLTIMA TRANSACCIÓN
campo de control 20230906220629.0
008 - DATOS DE LONGITUD FIJA--INFORMACIÓN GENERAL
campo de control de longitud fija 110811s1914 fr |||| | fre d
100 1# - ENTRADA PRINCIPAL--NOMBRE DE PERSONA
Nombre de persona Lanessan, Jean-Louis de.
9 (RLIN) 182990
245 10 - MENCIÓN DEL TÍTULO
Título Transformisme et créationisme
Resto del título : contribution à l'histoire du transformisme depuis l'antiquité jusqu'á nos jours /
Mención de responsabilidad, etc. par J. L. de Lanessan.
260 ## - PUBLICACIÓN, DISTRIBUCIÓN, ETC.
Lugar de publicación, distribución, etc. Paris :
Nombre del editor, distribuidor, etc. Félix Alcan,
Fecha de publicación, distribución, etc. 1914.
300 ## - DESCRIPCIÓN FÍSICA
Extensión 2 h., 352 p. ;
Dimensiones 22 cm.
490 1# - MENCIÓN DE SERIE
Mención de serie Bibliothéque scientifique internationale ;
Designación de volumen o secuencia 119
650 #4 - PUNTO DE ACCESO ADICIONAL DE MATERIA--TÉRMINO DE MATERIA
Término de materia o nombre geográfico como elemento de entrada Creacionismo.
9 (RLIN) 147591
830 0# - PUNTO DE ACCESO ADICIONAL DE SERIE-TÍTULO UNIFORME
Título uniforme Bibliothéque scientifique internationale ;
Designación de volumen o secuencia 119
9 (RLIN) 186949
852 ## - LOCALIZACIÓN
Ubicación ES-MaACL
Número de control de estantería F-14447
Holdings
Estatus retirado Estado de pérdida Estado de daño No para préstamo Biblioteca de origen Biblioteca actual Ubicación en estantería Fecha de adquisición Fuente de adquisición Total de préstamos Signatura topográfica completa Código de barras Visto por última vez Precio de reemplazo Tipo de ítem Koha
        Biblioteca del Ateneo de Madrid Biblioteca del Ateneo de Madrid Sala Pecera Planta 2 11/08/2011     F-14447 1187977 23/02/2023 23/02/2023 Libro impreso